000 01034nam a2200265Ia 4500
003 OSt
005 20220925215917.0
006 a|||||r|||| 00| 0
007 ta
008 220923b |||||||| |||| 00| 0 eng d
037 _cGeneral Book
040 _aRTL
_cRTL
_beng
041 _2eng
_aeng
082 _aU672(JB).1911.N8, N0
100 _aHalwagy Riad and etc.
_9283799
111 _aInternational Conference of Range Management in the Aradian Gulf (1st : 1985 : Kuwait)
_9283800
245 0 _aAdvances in rage management in Arid lands
_bProceedings of the first International Conference on Range Management in the Arabian Gulf
260 _aLondon
_bKegan Paul International UK
_c1990
300 _axiii,221p
_ccm.
490 _aKuwait Institute for Scientific Research. Kuwait Foundation for the Advance of Science
500 _aBibliography chapterwise
650 _aAgricultural Geography
942 _hU672(JB).1911.N8, N0
_cGB
_2CC
999 _c570051
_d570051